000 00540nam a2200241Ia 4500
003 OSt
005 20220912152302.0
006 a|||||r|||| 00| 0
007 ta
008 220909b |||||||| |||| 00| 0 eng d
024 _a53559
037 _cTextual
040 _aCSL
_beng
_cCSL
041 _aeng
082 _aI8313:6, N0
100 _aSmartt J
245 0 _aGrain legumes
260 _c1990
300 _ap.
_ccm.
650 _aBotany
942 _hI8313:6, N0
_cTEXL
_2CC
999 _c83843
_d83843